00741nam a22002057a 450000500170000000800400001702000150005702000150007205000230008710000220011024500930013225000110022526000550023630000360029149000620032750400500038965000330043970000280047270000350050020150124130459.0140513t mx||||| |||| 00| 0 spa d a9683635911 a968363594604aQA613.6 bG85 20031 aGuillemin, Victor10aTopología diferencial / cVictor Guillemin, Alan Pollack, tr. Oscar A. Palmas Velasco. a1a ed. aMéxico : bSociedad Matemática Mexicana,c2003 axiii, 294 p. : bil. ; c22 cm. a(Aportaciones matemáticas. Textos nivel medio ; )vV.20 aIncluye apéndice, bibliografía e índice 72LembaTopologia diferencial 1 aPollack, Alan, ecoaut.1 aA. Palmas, Velasco Oscar,etr.